| 000 | 00000nam##2200000za#4500 |
| 001 | 9.579243 |
| 003 | CaOODSP |
| 005 | 20210624190455 |
| 007 | cr ||||||||||| |
| 008 | 150406|1999||||xxc|||||o f|0| 0 eng|d |
| 022 | |a1488-5379 |
| 040 | |aCaOODSP|beng |
| 043 | |an-cn--- |
| 086 | 1 |aFs97-6/2296E-PDF |
| 110 | 1 |aCanada. |bDepartment of Fisheries and Oceans. |
| 245 | 10|aMitigation of fisheries impacts from the use and disposal of wood residue in British Columbia and the Yukon / |h[electronic resource]|cby S.C. Samis ... [et al.] |
| 260 | |aVancouver - British Columbia : |bFisheries and Oceans Canada |c1999. |
| 300 | |a101p.|bfigs., references, tables |
| 490 | 1 |aCanadian technical report of fisheries and aquatic sciences|x1488-5379|vNo. 2296 |
| 500 | |aOn t.p.: Habitat and Enhancement Branch, Vancouver, BC. The catalogue number and ISSN for the print edition appear in the PDF version. |
| 546 | |a(Résumé en français) |
| 590 | |a14-06-Supp|b2014-03-21 |
| 720 | 1 |aSamis, S. C. |
| 830 | #0|aCanadian technical report of fisheries and aquatic sciences,|x1488-5379|vNo. 2296|w(CaOODSP)9.504449 |
| 856 | 40|ahttp://publications.gc.ca|qPDF|s520 KB|uhttps://publications.gc.ca/collections/collection_2014/mpo-dfo/Fs97-6-2296-eng.pdf|yNo. 2296 |